00352nam a2200121Ia 4500008004000000082001300040100003500053245005800088250000500146260004200151300001300193650002400206210210b1967 xxu||||| |||| 00| 0 eng d a546 HESI aHESLOP (R B) & ROBINSON (P L). aInorganic chemistry: A guide to advanced study. Ed 3. a aLondonbElsevier Publishing Co.c1967 aviii,774 aInorganic Chemistry